Raising children at promise : How the surprising gifts of adversity and relationship build character in kids

This workbook explains the AT PROMISE paradigm and offers stories, activities, self-assessments, prayer reflections, and answers to frequently asked questions, encouraging readers to understand and apply At Promise principles in their daily relationships with kids. Most notably, an observation guid...

Full description

Saved in:
Bibliographic Details
Main Author: Stuart, Timothy S.
Format: Book
Language:Undetermined
Published: San Francisco, CA Jossey-Bass 2005
Subjects:
Tags: Add Tag
No Tags, Be the first to tag this record!
Institutions: Trung tâm Học liệu Trường Đại học Cần Thơ
LEADER 01336nam a2200229Ia 4500
001 CTU_166062
008 210402s9999 xx 000 0 und d
020 |c 14.95 
082 |a 259.2 
082 |b S932 
100 |a Stuart, Timothy S. 
245 0 |a Raising children at promise : 
245 0 |b How the surprising gifts of adversity and relationship build character in kids 
245 0 |c Timothy S. Stuart, Mona M. Stuart 
260 |a San Francisco, CA 
260 |b Jossey-Bass 
260 |c 2005 
520 |a This workbook explains the AT PROMISE paradigm and offers stories, activities, self-assessments, prayer reflections, and answers to frequently asked questions, encouraging readers to understand and apply At Promise principles in their daily relationships with kids. Most notably, an observation guide facilitates focused thinking and journaling about kids, giving parents and educators a tool for recognizing progress and knowing how to encourage children to live up to their potential. 
650 |a Child rearing,Parenting,Con nuôi,Nuôi dạy con 
650 |x Religious aspects,Christianity,Religious aspects,Christianity,Khía cạnh tôn giáo,Kitô giáo,Khía cạnh tôn giáo,Kitô giáo 
904 |i Ngoc Mai,Loan, Bạch Trúc 
980 |a Trung tâm Học liệu Trường Đại học Cần Thơ